| 000 | 00831nam a22002535i 4500 | ||
|---|---|---|---|
| 999 |
_c12699 _d12699 |
||
| 003 | EG-ScBUE | ||
| 005 | 20201020154936.0 | ||
| 008 | 090826s2005 ua g 000 0 ara d | ||
| 020 | _a9770907146 | ||
| 040 |
_aEG-ScBUE _bara _erda _cEG-ScBUE _dEG-ScBUE |
||
| 082 | 0 | 4 |
_a892.78603 _bم ح م _220 |
| 100 | 1 |
_aمحمود، زكي نجيب، _eمؤلف. |
|
| 245 | 1 | 0 |
_aحصاد السنين / _cزكى نجيب محمود. |
| 264 | 1 |
_aالقاهرة : _bدار الشروق، _c2005. |
|
| 300 |
_a403 صفحة ؛ _c22 سم |
||
| 336 |
_aنص _btxt _2rdacontent |
||
| 337 |
_aبدون وسيط _bn _2rdamedia |
||
| 338 |
_aمجلد _bnc _2rdacarrier |
||
| 600 | 1 | 7 |
_aمحمود، زكي نجيب _xمذكرات. _2BUEsh |
| 650 | 7 |
_aالأدباء المصريون. _2BUEsh |
|
| 651 | _2BUEsh | ||
| 653 | _bHHUUEENN | ||
| 942 |
_2ddc _cBB |
||